000 00608nam a2200229Ia 4500
003 OSt
005 20160502091645.0
008 151016s9999 xx 000 0 und d
040 _cLIC
082 _aDFil 658.1076
082 _bB64c
100 _aBobadilla, Dean Apolinario
245 _aComprehensive reviewer in Management Advisory Service/
245 _cDean Apolinario D. Bobadilla
250 _a2015 Edition
260 _cc2015
_aManila:
_bLares Bookstore,
300 _a700 pages;
300 _c21 cm.
650 _aManagement Advisory Services
650 _xReviewer
942 _aDDC
_2ddc
_cDFIL
999 _c133
_d133